Tribhuvan University Central Library

A pedagogic grammar of the English verbs for the English verbs for the Nepali secondary school teachers (Record no. 19992)

MARC details
000 -LEADER
fixed length control field 007060000a22002530004500
082 ## - DEWEY DECIMAL CLASSIFICATION NUMBER
Classification number 425
Item number W288p
-- D
041 ## - LANGUAGE CODE
Language code of text/sound track or separate title Eng
100 ## - MAIN ENTRY--PERSONAL NAME
Personal name Wasti, Anjana Bhattarai
245 ## - TITLE STATEMENT
Title A pedagogic grammar of the English verbs for the English verbs for the Nepali secondary school teachers
260 ## - PUBLICATION, DISTRIBUTION, ETC. (IMPRINT)
Place of publication, distribution, etc Hyderabad, India
260 ## - PUBLICATION, DISTRIBUTION, ETC. (IMPRINT)
Date of publication, distribution, etc 1998
300 ## - PHYSICAL DESCRIPTION
Extent xx, 558p.
Other physical details illus
518 ## - DATE/TIME AND PLACE OF AN EVENT NOTE
Date/time and place of an event note 991118
530 ## - ADDITIONAL PHYSICAL FORM AVAILABLE NOTE
Additional physical form available note Thes
502 ## - DISSERTATION NOTE
Dissertation note Thesis
-- Ph. D. in Applied Linguistics, University of Hyderabad
650 ## - SUBJECT ADDED ENTRY--TOPICAL TERM
Topical term or geographic name as entry element English language
650 ## - SUBJECT ADDED ENTRY--TOPICAL TERM
Topical term or geographic name as entry element Grammar
650 ## - SUBJECT ADDED ENTRY--TOPICAL TERM
Topical term or geographic name as entry element Phonetics
650 ## - SUBJECT ADDED ENTRY--TOPICAL TERM
Topical term or geographic name as entry element Linguistics
650 ## - SUBJECT ADDED ENTRY--TOPICAL TERM
Topical term or geographic name as entry element Language instruction
650 ## - SUBJECT ADDED ENTRY--TOPICAL TERM
Topical term or geographic name as entry element Morphology (Linguistics)
650 ## - SUBJECT ADDED ENTRY--TOPICAL TERM
Topical term or geographic name as entry element Verbs
942 ## - ADDED ENTRY ELEMENTS (KOHA)
Koha item type General Collections
Holdings
Withdrawn status Lost status Damaged status Not for loan Home library Current library Date acquired Total Checkouts Barcode Date last seen Price effective from
        Tribhuvan University Central Library Tribhuvan University Central Library 06/20/2010   D5892 06/20/2010 06/20/2010